Lives of houses (Record no. 85730)

MARC details
000 -LEADER
fixed length control field 00785 a2200265 4500
003 - CONTROL NUMBER IDENTIFIER
control field CBULib
005 - DATE AND TIME OF LATEST TRANSACTION
control field 20250122085249.0
008 - FIXED-LENGTH DATA ELEMENTS--GENERAL INFORMATION
fixed length control field 241031b |||||||| |||| 00| 0 eng d
020 ## - INTERNATIONAL STANDARD BOOK NUMBER
International Standard Book Number 9780691193663
040 ## - CATALOGING SOURCE
Language of cataloging English
Transcribing agency CBULib
Description conventions rda
041 ## - LANGUAGE CODE
Language code of text/sound track or separate title eng
050 ## - LIBRARY OF CONGRESS CALL NUMBER
Classification number GT 170 Liv
100 ## - MAIN ENTRY--PERSONAL NAME
Personal name Kennedy, Kate
245 ## - TITLE STATEMENT
Title Lives of houses
Statement of responsibility, etc / edited by Kate Kennedy and Hermione Lee
260 ## - PUBLICATION, DISTRIBUTION, ETC. (IMPRINT)
Name of publisher, distributor, etc Princeton University Press,
Date of publication, distribution, etc 2020
Place of publication, distribution, etc New Jersey :
300 ## - PHYSICAL DESCRIPTION
Extent xvii, 297 pages : illustrations
336 ## - CONTENT TYPE
Source rdacontent
Content type term Text |
Content type code txt
337 ## - MEDIA TYPE
Source rdamedia
Media type term Unmediated |
Media type code n
338 ## - CARRIER TYPE
Source rdacarrier
Carrier type term Volume
Carrier type code nc
650 #0 - SUBJECT ADDED ENTRY--TOPICAL TERM
9 (RLIN) 3904
Topical term or geographic name as entry element MANNERS AND CUSTOMS
650 #0 - SUBJECT ADDED ENTRY--TOPICAL TERM
9 (RLIN) 3905
Topical term or geographic name as entry element DWELLINGS
650 #0 - SUBJECT ADDED ENTRY--TOPICAL TERM
9 (RLIN) 3906
Topical term or geographic name as entry element SOCIAL ASPECTS
700 ## - ADDED ENTRY--PERSONAL NAME
9 (RLIN) 3907
Personal name Lee, Hermione
942 ## - ADDED ENTRY ELEMENTS (KOHA)
Source of classification or shelving scheme
Koha item type MONOGRAPH
Holdings
Withdrawn status Lost status Source of classification or shelving scheme Damaged status Not for loan Collection code Permanent Location Current Location Shelving location Date acquired Source of acquisition Cost, normal purchase price Full call number Barcode Date last seen Price effective from Koha item type Total Checkouts
          CBU-Lusaka Campus CBU- LUSAKA CAMPUS CBU- LUSAKA CAMPUS General Stacks 10/31/2024 DON-BOOKAID 88.00 GT 170 Ken 753023 10/31/2024 10/31/2024 MONOGRAPH  
          CBU-Lusaka Campus CBU- LUSAKA CAMPUS CBU- LUSAKA CAMPUS General Stacks 10/31/2024 DON-BOOKAID 88.00 GT 170 Ken 753024 10/31/2024 10/31/2024 MONOGRAPH  
          Main Library Open Access Collection CBU-MAIN LIBRARY, KITWE. CBU-MAIN LIBRARY, KITWE. General Stacks 01/22/2025 BOOK AID INTERNATIONAL 24.95 GT 170 Ken 753300 01/22/2025 01/22/2025 MONOGRAPH  
          Main Library Open Access Collection CBU-MAIN LIBRARY, KITWE. CBU-MAIN LIBRARY, KITWE. General Stacks 01/22/2025 BOOK AID INTERNATIONAL 24.95 GT 170 Ken 753299 01/22/2025 01/22/2025 MONOGRAPH